Talon Of The Hawk-Album (The Front Bottoms) - Statistics

General Stats
  • This quiz has been taken 16 times
  • The average score is 6 of 12
Answer Stats
Hint Answer % Correct
1. Au Revoir (Adios)
75%
5. Peach
67%
2. Skeleton
67%
6. Santa Monica
58%
11. Backflip
50%
10. Lone Star
50%
12. Everything I Own
42%
7. The Fued
42%
4. Twin Size Mattress
42%
8. Funny You Should Ask
33%
3. Swear To God The Devil Made Me Do It
33%
9. Tattooed Tears
33%
No matching quizzes found
Score Distribution
Percent of People with Each Score
Percentile by Number Answered
Your Score History
You have not taken this quiz